| 000 | 00853nam a22002657a 4500 | ||
|---|---|---|---|
| 005 | 20180226102757.0 | ||
| 010 | _aENG-107804 | ||
| 020 |
_a9789325960107 _c495.00 |
||
| 035 | _aEN-91337 | ||
| 035 | _aB-537650-664 | ||
| 035 | _aB-664863 | ||
| 037 | _bDBAD/PUB | ||
| 037 |
_bMallika Books/Ven _adpl |
||
| 082 |
_28th _a347.7 |
||
| 100 | _aKuchhal, M.C. | ||
| 245 |
_aMercantile law / _cby M.C. Kuchhal [and] Vivek Kuchhal |
||
| 250 | _a8th rev ed | ||
| 260 |
_aNoida _bVikas Publishing House _c2013 |
||
| 270 |
_aE-28, Sector-8 _bNoida _e201301 |
||
| 300 |
_axxix,690 p. _c22cm(pbk) |
||
| 500 | _aIncludes bibliographical references and index | ||
| 700 | _a Kuchhal, Vivek | ||
| 942 |
_2ddc _cEN _mKUC _h347.7 |
||
| 999 |
_c77163 _d77163 |
||